000 01175nam a2200193 a 4500
008 120416s1969 ||||||||||||||||| || u
050 _aTK 7874 Hib
100 _aHibberd, R. G
245 1 0 _aIntegrated circuits
246 _aa basic course for engineers and technicians
260 _aNew York
_bMcGraw-Hill
_c1969
300 _axiii, 177 pages : illustrations
350 _a0.00
995 _aMAIN LIBRARY OPEN ACCESS
_D0.00
_e711852
_FCBU-MAIN LIBRARY (Kitwe)
_H4
_I14.60
_jTK 7874 Hib
_UAVAILABLE
_y016502
_ZMain Library Open Access Collection
995 _aANNEX COLLECTION (Main Library)
_D0.00
_e711851
_FCBU-MAIN LIBRARY (Kitwe)
_H2
_I14.60
_jTK 7874 Hib
_UAVAILABLE
_y016500
_ZAnnex Low-Usage Collection
995 _aMAIN LIBRARY OPEN ACCESS
_D0.00
_e717514
_FCBU-MAIN LIBRARY (Kitwe)
_H1
_I14.60
_jTK 7874 Hib
_UAVAILABLE
_y016489
_ZMain Library Open Access Collection
995 _aMAIN LIBRARY OPEN ACCESS
_D0.00
_e711854
_FCBU-MAIN LIBRARY (Kitwe)
_H3
_I14.60
_jTK 7874 Hib
_UAVAILABLE
_y016501
_ZMain Library Open Access Collection
995 _aMAIN LIBRARY OPEN ACCESS
_D0.00
_e016503
_FCBU-MAIN LIBRARY (Kitwe)
_H5
_I14.60
_jTK 7874 Hib
_UAVAILABLE
_y016503
_ZMain Library Open Access Collection
999 _c77458
_d77458